000
00319nam a22001337a 4500
008
170511b xxu||||| |||| 00| 0 eng d
020
_a
9780760740767
041
_a
eng
080
_a
343.9
100
_a
15
101
_a
SHJ
245
_a
FORENSIC TRUE CRIME SCENE INVESTIGATIONS
_c
ERZINCLOGLU.Z
942
_2
udc
_c
BK
999
_c
13187
_d
13187